000 00829nam a2200229 i 4500
001 20323
003 ES-MaACL
005 20250711195316.0
007 t|
008 021111s1899 sp |||| | spa d
080 _a904(460.353)
080 _a94(460.35)".../04"
100 1 _aAguilar y Cano, Antonio.
_918750
245 1 0 _aAstapa :
_bestudio geográfico /
_cpor Antonio Aguilar y Cano ; con carta-prólogo del Excmo. Sr. Doctor D. Manuel Rodríguez de Berlanga.
260 _aSevilla :
_b[s.n.],
_c1899 (
_fImp. de E. Rasco)
300 _aXL, 199 p., [3] h. de lám. :
_b1 plano ;
_c24 cm.
651 4 _aAstapa (Ciudad desaparecida)
_9152299
651 4 _aAndalucía-
_xHistoria-
_yHasta S.V.
_9152300
700 1 _aRodríguez de Berlanga, Manuel,
_d1825-1909
_998441
852 _aES-MaACL
_jG-43
999 _c20323
_d20323